| 000 | 01498 a2200265 4500 | ||
|---|---|---|---|
| 003 | Nust | ||
| 005 | 20170207153409.0 | ||
| 010 | _a 2004041560 | ||
| 020 | _a0192802607 (pbk.) | ||
| 040 | _cNust | ||
| 082 | 0 | 0 | _a808.83 |
| 100 | 1 | _aChekhov, Anton Pavlovich, | |
| 245 | 1 | 0 |
_aAbout love and other stories / _cAnton Chekhov ; translated with an introduction and notes by Rosamund Bartlett. |
| 260 |
_aOxford [England] ; _aNew York : _bOxford University Press, _c2004. |
||
| 300 |
_axxxiv, 211 p. ; _c20 cm. |
||
| 490 | 1 | _aOxford world's classics | |
| 505 | _aThe Huntsman (Page-3) On The Road (Page-8) The Letter (Page-24) Fortune (Page-35) Gusev (Page-45) Fish Love (Page-58) The Black Monk (Page-61) Rothchild’s Violin (Page-93) The Student (Page-103) The House With The Mezzanine (Page-107) In The Cart (Page-125) The Man In A Case (Page-134) Goose Berries (Page-147) About Love (Page-158) The Lady With The Little Dog (Page-167) At Christmas Time (Page-184) The Bishop (Page-189) | ||
| 538 | _aAlmirah No.57 Shelf No.5 | ||
| 600 | 1 | 0 |
_aChekhov, Anton Pavlovich, _d1860-1904 |
| 700 | 1 | _aBartlett, Rosamund. | |
| 830 | 0 | _aOxford world's classics (Oxford University Press) | |
| 856 | 4 | 2 |
_3Contributor biographical information _uhttp://www.loc.gov/catdir/enhancements/fy0723/2004041560-b.html |
| 856 | 4 | 2 |
_3Publisher description _uhttp://www.loc.gov/catdir/enhancements/fy0617/2004041560-d.html |
| 856 | 4 | 2 |
_3Table of contents only _uhttp://www.loc.gov/catdir/enhancements/fy0617/2004041560-t.html |
| 942 |
_2ddc _cBK |
||
| 999 |
_c185295 _d185295 |
||